| 000 | 00792nam a2200289Ia 4500 | ||
|---|---|---|---|
| 001 | 39873 | ||
| 005 | 20240114002113.0 | ||
| 007 | ta | ||
| 008 | 070917s2001 g b000 u 491 u | ||
| 040 | _aCotton College,Assam | ||
| 041 | _a491 | ||
| 082 |
_a491.2 _bDi 642 Vy |
||
| 100 | _aDikshit, Bhattaji . | ||
| 245 | 0 |
_aVyakaransiddhanta Kaoumudi: Tritiya Bhag / _cBhattaji Dikshit. _hTextual Documents |
|
| 250 | _a1st ed. / | ||
| 260 |
_aDelhi : _bMotilal Banarsidass Publishers , _c©2001. |
||
| 300 |
_a701p. ; _c19cm. |
||
| 653 | _aSanskrit Language-Grammar | ||
| 653 | _aG-Languages | ||
| 700 | _aSharma, Parameshwarananda . | ||
| 942 |
_2ddc _cBK |
||
| 999 |
_c39845 _d39845 |
||